000 00442pam a2200157a 44500
008 230515b2011 xxu||||| |||| 00| 0 eng d
020 _a978-1-4377-1416-6
041 _aENGLISH
082 _a610.73
100 _aMASON D.J.,LEAVITT J.K.,CHALTER M.W.
245 _aPOLOCY & POLITICS IN NURSING AND HEALTH CARE
250 _a6TH ED
260 _a
_bMOSBY, AN IMPRIT OF ELSEVIER.
_c2011
300 _a781
650 _aNURSING ADMINISTRATION
999 _c504861
_d504861